Entering the 21st century world development report 1999/2000. Summary
Enregistré dans:
| Format: | Livre |
|---|---|
| Langue: | anglais |
| Publié: |
Washington D.C.
The World Bank
1999
|
| Sujets: | |
| Tags: |
Pas de tags, Soyez le premier à ajouter un tag!
|
MARC
| LEADER | 00000nam a2200000 4500 | ||
|---|---|---|---|
| 001 | c117167 | ||
| 005 | 20221221082229.9 | ||
| 020 | |a 0-8213-4389-0 | ||
| 041 | 0 | |a eng | |
| 044 | |a US | ||
| 245 | 1 | 0 | |a Entering the 21st century |b world development report 1999/2000. Summary |
| 264 | 1 | |a Washington D.C. |b The World Bank |c 1999 | |
| 300 | |a 11 s. | ||
| 610 | 2 | 0 | |a svet |
| 610 | 2 | 0 | |a vývoj |
| 610 | 2 | 0 | |a vývoj hospodársky |
| 610 | 2 | 0 | |a vývoj spoločenský |
| 610 | 2 | 0 | |a globalizácia |
| 610 | 2 | 0 | |a krajiny rozvojové |
| 610 | 2 | 0 | |a krajiny vyspelé |
| 610 | 2 | 0 | |a rast hospodársky |
| 610 | 2 | 0 | |a politika hospodárska |
| 610 | 2 | 0 | |a politika hospodárska medzinárodná |
| 610 | 2 | 0 | |a štúdie prípadové |
| 610 | 2 | 0 | |a 1999-2000 |